• 首页
  • 本馆介绍
  • 公告通知
  • 最新文献
  • 馆藏检索
  • 电子资源
  • 读者荐购
  • 参考咨询
  • CALIS
  • 我的图书馆
  • 登录
  • 详细信息显示
  • 放入我的书架
  • 预约/预借图书
  • 作者相关作品
  • 分类相关作品
  • 丛书相关作品
  • 出版社相关作品

书目信息

  • 表格格式
  • 工作单格式
  • 卡片格式
题名:
工程造价控制
    
 
作者: 刘钦 主编 ;张焕 副主编
分册:  
出版信息: 北京   机械工业出版社  2010.01
页数: 306页
开本: 25cm
丛书名: 高等教育工程造价系列规划教材
单 册:
中图分类: TU723.3
科图分类:
主题词: 建筑造价管理--高等学校--教材
电子资源:
ISBN: 978-7-111-29061-2
 
 
 
 
 
000 01123nam 2200265 450
001 1055124118
005 20161012115334.30
010    @a978-7-111-29061-2@dCNY32.00
100    @a20101129d2010 ekmy0chiy0120 ea
101    @achi
102    @aCN@b110000
105    @ay a 000yy
200 1  @a工程造价控制@Agong cheng zao jia kong zhi@f刘钦主编@g张焕副主编
210    @a北京@c机械工业出版社@d2010.01
215    @a306页@d25cm
225 2  @a高等教育工程造价系列规划教材
320    @a有书目
330    @a本书在介绍工程造价及工程造价控制的基本概念、建设项目工程造价的构成、工程造价的计算方法及计算依据的基础上,对建设项目决策阶段、设计阶段、招投标阶段、施工阶段、竣工阶段的造价控制内容及方法进行了全面的介绍。本书系统性强,前后知识连贯,便于学习与掌握。 本书可作为高等院校工程造价、工程管理专业的教材,也可供工程设计、施工、管理和咨询等单位的工程造价与工程管理专业人员参考。
410  0 @12001 @a高等教育工程造价系列规划教材
606 0  @a建筑造价管理@x高等学校@x教材
690    @aTU723.3@v4
701  0 @a刘钦@Aliu qin@4主编
702  0 @a张焕@Azhang huan@4副主编
801  0 @aCN@c20101129
905    @dTU723.3@eL665-2
    
    工程造价控制/刘钦主编/张焕副主编.-北京:机械工业出版社,2010.01
    306页;25cm.-(高等教育工程造价系列规划教材)
    
    
    ISBN 978-7-111-29061-2:CNY32.00
    本书在介绍工程造价及工程造价控制的基本概念、建设项目工程造价的构成、工程造价的计算方法及计算依据的基础上,对建设项目决策阶段、设计阶段、招投标阶段、施工阶段、竣工阶段的造价控制内容及方法进行了全面的介绍。本书系统性强,前后知识连贯,便于学习与掌握。 本书可作为高等院校工程造价、工程管理专业的教材,也可供工程设计、施工、管理和咨询等单位的工程造价与工程管理专业人员参考。
●
相关链接 在E读中查询图书 在当当中查询图书 在豆瓣中查询图书


正题名:工程造价控制     索取号:TU723.3/L665-2         预约/预借

序号 登录号 条形码 馆藏地/架位号 状态 备注
1 01142569   211425698   管理学院资料室/ [索取号:TU723.3/L665-2] 在馆    
2 0819305   208193051   管理学院资料室/ [索取号:TU723.3/L665-2] 在馆    
3 0919907   209199071   管理学院资料室/ [索取号:TU723.3/L665-2] 在馆    
4 1032391   210323915   城院文库/201建筑库 36排1列1层/ [索取号:TU723.3/L665-2] 在馆    
5 1032392   210323924   建筑库201/201建筑库 36排1列1层/ [索取号:TU723.3/L665-2] 在馆    
6 1032393   210323933   建筑库201/201建筑库 36排1列1层/ [索取号:TU723.3/L665-2] 在馆    
7 1237925   212379255   管理学院资料室/ [索取号:TU723.3/L665-2] 在馆    
8 1238718   212387184   建筑库201/201建筑库 36排1列1层/ [索取号:TU723.3/L665-2] 在馆    
9 488259   204882591   自科二线404/404自科库 2排5列4层/ [索取号:TU723.3/L665-2] 在馆    
10 819330   208193300   管理学院资料室/ [索取号:TU723.3/L665-2] 在馆    
河南城建学院图书馆 欢迎您!
大连网信软件有限公司© 版权所有